000 00572nam a2200169 a 4500
001 000037163
005 20200930080200.0
008 120220s1986 mx 000 0 spa d
040 _aDO-SdBNP
_bspa
_cBNPHU
082 _axxxx
_bxxxx
245 0 0 _aEscritoras negras en el ambito del trabajo /
_ceditora Claudia Tate.
260 _aMéxico, :
_bNoema,
_c1986.
300 _a285 p. ;
_c21 cm.
504 _aIncluye referencias bibliográficas y notas al pie de las página
700 1 _aTate, Claudia,
_eed.
_963572
700 1 _aSavignon Suárez, María de Lourdes,
_etr.
_963573
999 _c36653
_d36653